Nudes /

সংরক্ষণ করুন:
গ্রন্থ-পঞ্জীর বিবরন
প্রধান লেখক: Duncan, Kenn
অন্যান্য লেখক: Como, William
বিন্যাস: গ্রন্থ
ভাষা:ইংরেজি
প্রকাশিত: [New York] Dance Magazine c1970
বিষয়গুলি:
ট্যাগগুলো: ট্যাগ যুক্ত করুন
কোনো ট্যাগ নেই, প্রথমজন হিসাবে ট্যাগ করুন!

MARC

LEADER 00000nam a2200000 4500
001 CDOM0000001156
003 mi
005 20250914171427.0
008 250914b |||||||| |||| 00| 0 eng d
040 |c mi 
100 |a Duncan, Kenn 
245 1 |a Nudes /  |c Ken Duncan. Prefazione di William Como 
260 |a [New York]  |b Dance Magazine  |c c1970 
300 |a 54 p.  |c tutte foto. (b/n)  |c 36 cm. 
610 |a Duncan, Kenn - Fotografia - Nudo 
700 |a Como, William 
942 |2 ddc  |c BK 
952 |0 0  |1 0  |2 ddc  |4 0  |6 B_AFT01DUNKENUD11  |7 1  |9 5341  |a MI  |b MI  |d 2005-08-22  |i 4744  |l 0  |o B-AFT01-DUNKE-NUD11  |p CDOM4744  |r 2025-07-13 16:27:00  |w 2025-07-13  |x ACQUISTO  |y BK 
999 |c 4261  |d 4261